Statistics for Top 5 Songs On Illmatic (Nas)

Click here to take the quiz!

General Stats

  • This quiz has been taken 27 times
  • The average score is 4 of 5

Answer Stats

HintAnswer% Correct
218,031,241N.Y. State Of Mind
92%
130,522,986The World Is Yours
88%
68,074,022Life's A Bitch
(feat. AZ & Olu Dara)
75%
70,238,632It Ain't Hard To Tell
71%
64,745,534Represent
67%

Score Distribution

Percentile by Number Answered

Percent of People with Each Score

Your Score History

You have not taken this quiz